00321nam a2200121Ia 4500008004100000041000800041082001500049100002200064245004500086260002300131300003300154365001200187240624s9999 xx 000 0 und d aeng a306.01 GRE aGREENWOOD ROYSTON aSAGE HANDBOOK OF ORGANIZATIONAL INSTITUT c2013aLondonbSage axviii, : 822 : p. : cm. ; 24 cGBPb38